Norske fylkesvåpen - Statistics

General Stats
  • This quiz has been taken 19 times
  • The average score is 10 of 15
Answer Stats
Picture Answer % Correct
Oslo
100%
Akershus
75%
Innlandet
75%
Møre og Romsdal
75%
Buskerud
67%
Østfold
67%
Telemark
67%
Troms
67%
Trøndelag
67%
Agder
58%
Finnmark
58%
Nordland
58%
Rogaland
58%
Vestfold
58%
Vestland
58%
No matching quizzes found
Score Distribution
Percent of People with Each Score
Percentile by Number Answered
Your Score History
You have not taken this quiz